Po kvapkách (niekoľko poznámok čitateľa krásnej literatúry o knihách Ivana Kadlečíka Vlastný hororskop a Malé prelúdiá

Bibliographic Details
Main Author: Pastier, Oleg, 1952-2018 (Author)
Format: Article
Language:Slovak
ISSN:0231-6714
Subjects:

MARC

LEADER 00000nab a2200000 a 4500
001 vtls000835063
003 SK-MaSNL
005 20260304121703.0
008 250429c2003 xo 0 slo
015 |a SNBRB2003/05-14896 
035 |a CLN000186718 
035 |a urn:nbn:sk:snk-abbwck 
035 |a (urnnbn)urn:nbn:sk:snk:ar-000hjw 
035 |a (uuid)6056981f-7529-471f-a158-7e8562a0d181 
040 |a SNKBUCL  |b slo  |c SNKBUCL  |e AACR2 
041 0 |a slo 
044 |a xo  |c SK 
080 |a 82.09:885.4-3  |2 1997 
080 |a 885.4-3.09  |2 1997 
100 1 |a Pastier, Oleg,  |d 1952-2018  |4 aut  |9 176299 
245 1 0 |a Po kvapkách  |b (niekoľko poznámok čitateľa krásnej literatúry o knihách Ivana Kadlečíka Vlastný hororskop a Malé prelúdiá  |c Oleg Pastier 
600 1 7 |a Kadlečík, Ivan,  |d 1938-2014  |t Vlastný hororskop  |2 snkbucl  |9 1426804 
600 1 7 |a Kadlečík, Ivan,  |d 1938-2014  |t Malé prelúdiá  |2 snkbucl  |9 1426805 
655 7 |a články z novín a časopisov  |2 snkbucl  |9 267496 
773 0 |t Romboid  |g Roč. 38, č. 2 (2003), s. 70-71  |x 0231-6714 
850 |a Slovenská národná knižnica 
852 |a Slovenská národná knižnica 
958 |a article15 
958 |a OND 
958 |a LX 
958 |a SK 
958 |a EUIPO 
992 |a RBX 
999 |c 2886366  |d 2888296